| 000 | 00000nam##2200000za#4500 |
| 001 | 9.700336 |
| 003 | CaOODSP |
| 005 | 20210625000805 |
| 007 | cr ||||||||||| |
| 008 | 150407|1977||||xxc|||||o f|0| 0 eng|d |
| 020 | |z978-1-100-25686-3 |
| 040 | |aCaOODSP|beng |
| 043 | |an-cn--- |
| 086 | 1 |aA53-1391/1980E-PDF |
| 110 | 1 |aCanada.|bAgriculture Canada. |bInformation Services. |
| 245 | 10|aSolonetzic soils and their management / |h[electronic resource]|c[by] R.R. Cairns, W.E. Bowser. |
| 250 | |aRevised 1977. Reprinted 1980 |
| 260 | |aSaint-Jean-sur-Richelieu - Quebec : |bAgriculture Canada. |cc1977. |
| 300 | |a40p.|bfigs., tables |
| 500 | |aHistorical publication digitized by Agriculture and Agri-Food Canada. |
| 590 | |a15-02-Supp|b2015-02-16 |
| 690 | 07|aFlora|2gcpds |
| 720 | 1 |aCairns, R. R. |
| 720 | 1 |aBowser, W. E. |
| 775 | 08|tLes sols solonetziques et leur gestion / |w(CaOODSP)9.644234 |
| 856 | 40|ahttp://publications.gc.ca|qPDF|s3254 KB|uhttps://publications.gc.ca/collections/collection_2015/aac-aafc/A53-1391-1980-eng.pdf |
| 986 | |aPublication 1391 |